[Event "Cairo Al Ain op"]
[Site "Cairo"]
[Date "2023.11.28"]
[Round "3"]
[White "Yaser, Kareim"]
[Black "Abdel Mohsen, Ahmed"]
[Result "1/2-1/2"]
[WhiteElo "2090"]
[BlackElo "1761"]
[PlyCount "89"]
[EventDate "2023.11.27"]
[EventType "swiss"]
[EventRounds "10"]
[EventCountry "EGY"]
[SourceTitle "CB49_2023"]
[SourceDate "2023.12.06"]
[SourceVersion "1"]
[SourceVersionDate "2023.12.06"]
[SourceQuality "1"]

1. d4 Nf6 2. c4 d6 3. Nc3 Bf5 4. f3 Nc6 5. e4 Bg6 6. Be3 e6 7. Nh3 Be7 8. Nf4 0-0 9. Qd2 e5 10. Nxg6 fxg6 11. d5 Nb4 12. a3 Na6 13. b4 Nb8 14. Be2 Nbd7 15. 0-0 Nh5 16. g3 a6 17. Na4 Ndf6 18. c5 Qd7 19. cxd6 Bxd6 20. Nc5 Bxc5 21. bxc5 Qh3 22. Bc4 Kh8 23. Rab1 Rab8 24. Rb2 Nd7 25. Qg2 Qxg2+ 26. Kxg2 Rf6 27. Rfb1 b5 28. cxb6 cxb6 29. Bxa6 Ra8 30. Bb5 Rxa3 31. Bg5 Rf7 32. Bxd7 Rxd7 33. Rxb6 h6 34. Rb8+ Kh7 35. Rc8 Ra2+ 36. Kg1 Rc2 37. Rxc2 hxg5 38. Rc8 Nf6 39. Rbb8 Kh6 40. Rh8+ Nh7 41. g4 Ra7 42. Rbe8 Ra1+ 43. Kg2 Ra2+ 44. Kg3 Rg2+ 45. Kxg2 1/2-1/2

[Event "Arab-ch U16"]
[Site "Djerba"]
[Date "2016.07.28"]
[Round "6.3"]
[White "Fellah, Mohamed"]
[Black "Yaser, Kareim"]
[Result "1-0"]
[WhiteElo "1918"]
[BlackElo "2081"]
[PlyCount "49"]
[EventDate "2016.07.23"]
[EventType "swiss"]
[EventRounds "9"]
[EventCountry "TUN"]
[SourceTitle "EXT 2024"]
[Source "ChessBase"]
[SourceDate "2023.10.10"]
[SourceVersion "1"]
[SourceVersionDate "2023.10.10"]
[SourceQuality "1"]

1. e4 c5 2. Nf3 d6 3. d4 cxd4 4. Nxd4 Nf6 5. Nc3 a6 6. Be3 e5 7. Nb3 Be6 8. f3 h5 9. Qd2 Nbd7 10. 0-0-0 Be7 11. Kb1 Rc8 12. h3 b5 13. Bd3 h4 14. Rhe1 Nb6 15. Qf2 Nfd7 16. f4 b4 17. Nd5 Bxd5 18. exd5 Nxd5 19. fxe5 Nxe3 20. e6 0-0 21. exd7 Nxd1 22. Qf5 g6 23. dxc8Q Qxc8 24. Qxc8 Rxc8 25. Rxd1 1-0

[Event "Mahalla op 16th"]
[Site "Mahalla"]
[Date "2015.07.30"]
[Round "7"]
[White "Kamal, Edmon"]
[Black "Yaser, Kareim"]
[Result "0-1"]
[WhiteElo "1976"]
[BlackElo "1882"]
[PlyCount "111"]
[EventDate "2015.07.24"]
[EventType "swiss"]
[EventRounds "9"]
[EventCountry "EGY"]
[SourceTitle "EXT 2016"]
[Source "ChessBase"]
[SourceDate "2015.10.08"]
[SourceVersion "1"]
[SourceVersionDate "2015.10.08"]
[SourceQuality "1"]

1. c4 Nf6 2. Nc3 c5 3. e3 g6 4. Bd3 Bg7 5. h4 b6 6. b3 Bb7 7. Nf3 Nc6 8. Bb2 e5 9. a3 Qe7 10. Qc2 0-0 11. h5 Na5 12. hxg6 e4 13. gxh7+ Kh8 14. Nxe4 Bxe4 15. Bxf6 Qxf6 16. Ke2 Bxf3+ 17. gxf3 Qb2 18. Rab1 Qxc2 19. Bxc2 f5 20. f4 Rad8 21. Rbg1 d5 22. cxd5 Rxd5 23. Rh5 Nb7 24. Rhg5 Bh6 25. Rh5 Bg7 26. Rhg5 Bh6 27. Rh5 Bg7 28. e4 Rd4 29. exf5 Rxf4 30. Rhg5 Rf7 31. Ke3 Rh4 32. f6 Bh6 33. f4 Bxg5 34. fxg5 Rfxh7 35. Bxh7 Kxh7 36. g6+ Kg8 37. f7+ Kg7 38. Rf1 Rh8 39. Ke4 Rf8 40. Rg1 Nd6+ 41. Kd5 Nc8 42. Ke6 Rh8 43. Rg2 Rd8 44. Rf2 Rd6+ 45. Ke5 Rd8 46. f8Q+ Rxf8 47. Rxf8 Kxf8 48. Ke6 Ke8 49. g7 Ne7 50. Kd6 Nf5+ 51. Kc7 Nxg7 52. Kb7 Kd7 53. Kxa7 Kc7 54. Ka6 Ne6 55. b4 cxb4 56. axb4 0-1